Miasta wojewódzkie w kolejności alfabetycznej - Statystyki

Ogólne statystyki
  • Ten quiz został rozwiązany 48 razy
  • Średni wynik to 12 z 18
Statystyki odpowiedzi
Miasto % Poprawnych
Bydgoszcz
100%
Białystok
95%
Gdańsk
86%
Gorzów Wielkopolski
70%
Katowice
70%
Kielce
65%
Kraków
65%
Lublin
65%
Olsztyn
62%
Opole
62%
Poznań
62%
Toruń
62%
Warszawa
62%
Zielona Góra
62%
Rzeszów
59%
Wrocław
59%
Łódź
57%
Szczecin
54%
Nie znaleziono quizów pasujących do podanych kryteriów
Rozkład punktacji
Procent ludzi z każdym wynikiem
Percentyl według liczby udzielonych odpowiedzi
Twoja historia wyników
Nie rozwiązałeś tego quizu